[Event "RUS-chT 05th"]
[Site "Maikop"]
[Date "1998.06.13"]
[Round "11"]
[White "Balashov, Yuri S"]
[Black "Filippov, Valerij"]
[Result "1/2-1/2"]
[WhiteElo "2555"]
[BlackElo "2595"]
[Annotator "Golod,V"]
[PlyCount "112"]
[EventDate "1998.06.03"]
[EventType "team-tourn"]
[EventRounds "11"]
[EventCountry "RUS"]
[SourceTitle "CBM 066"]
[Source "ChessBase"]
[SourceDate "1998.09.30"]
[SourceVersion "1"]
[SourceVersionDate "1998.09.30"]
[SourceQuality "1"]
[WhiteTeam "Tomsk 400"]
[BlackTeam "Noyabrsk Yamal"]
[WhiteTeamCountry "RUS"]
[BlackTeamCountry "RUS"]

1. e4 c5 2. Nf3 e6 3. d4 cxd4 4. Nxd4 Nf6 5. Nc3 Nc6 6. Be2 $6 (6. Ndb5 $142) (
6. Nxc6 $142) 6... Bb4 {[%csl Re1,Re4][%cal Gf6e4]} 7. O-O $5 (7. Bf3 $143 Qa5
(7... d5 $5 8. exd5 Nxd5 9. O-O Nxc3 10. bxc3 Nxd4 11. cxd4 O-O 12. Qd3 Qc7 13.
c4 Bd6 14. g3 Rd8 15. Rd1 Rb8 16. Qb3 b6 $11 {1/2-1/2 Gutierrez,J-Delgado
Crespo,M/Capablanca mem Masters II, Havana CUB 1998 (22)}) 8. Nde2 Ne5 9. Bd2
Nc4 10. a3 Nxd2 11. Qxd2 a6 12. O-O Be7 13. Nd4 d6 14. b4 Qc7 15. Rfc1 O-O 16.
Na4 e5 17. Nb3 b5 18. Nb2 Be6 $13 {Khan,M-Ballon,G/Open, St Helier JER 1998/
0-1 (41)}) (7. f3 $143 Qa5 8. Qd3 d5 9. Nb3 Qd8 10. a3 Bxc3+ 11. bxc3 O-O 12.
Bg5 b6 $6 (12... h6 $142) 13. O-O Bb7 14. exd5 exd5 15. Nd4 Ne5 16. Qd2 Rc8 17.
Bb5 a6 18. Bd3 h6 19. Bh4 Ne4 20. Qe1 Nxd3 21. cxd3 Nf6 22. Qd2 $14 {Zatloukal,
V-Cernousek,L/GP Mladi Open, Litomysl CZE 1997/1-0 (62)}) 7... Bxc3 8. bxc3
Nxe4 9. Bd3 $5 (9. Qd3 $142 $5 d5 (9... f5 $6 10. Bh5+ g6 11. Bf3 Ne5 12. Qe3
Nxf3+ 13. gxf3 $1 Nf6 14. Ba3 a6 15. Qe5 Kf7 16. Rad1 $36 {1-0 Winiwarter,
F-Marti,G/Linz op 1997 (30)}) 10. Ba3 $1 (10. Nxc6 bxc6 11. Ba3 Qf6 12. Bf3 Ng5
13. Be2 Ne4 14. Bf3 Ng5 15. Be2 Ne4 {1/2-1/2 Benares de sa Leitao,R-Rodrigues,
A/Brazil op 1997}) 10... Qa5 11. Nb5 a6 12. Nd6+ Nxd6 13. Bxd6 Qd8 14. Qg3 Qf6
15. Rfd1 Qg6 16. Qe3 Qe4 17. Qd2 f6 18. c4 dxc4 19. Bh5+ g6 20. Bf3 Qf5 21.
Bxc6+ bxc6 22. Bc5 Qd5 23. Qa5 {1-0 Wach,M-Gaertner,G/AUT-chT9697 1997}) 9...
d5 (9... Nxd4 $5 10. Bxe4 Nc6 11. Ba3 d5 12. Bd3 Ne7 13. Qh5 $6 (13. c4 $5)
13... h6 14. f4 O-O 15. g4 Re8 16. g5 Nf5 $17 17. Bxf5 exf5 18. Bc5 hxg5 19.
fxg5 Re4 20. Kh1 d4 21. Bxd4 Rg4 22. Rf3 Bd7 23. Rg3 Bc6+ 24. Kg1 Qd5 25. Kf2
Rxd4 26. g6 Rd2+ {0-1 Wortel,M-Kundin,A/EU-chJM U16 1997}) 10. Ba3 $1 {[%csl
Re8][%cal Ga3f8]} Qa5 11. Qc1 Nxc3 $5 (11... Qxc3 $2 12. Nb5 Qa5 13. Qb2 $1 $40
{[%csl Rg7][%cal Gb2b5] /\Be4,Nd6+}) (11... Nxd4 $6 12. cxd4 $44) 12. Nb3 Qc7
$5 (12... Qd8 $5 13. Qf4 d4 14. Nd2 Qf6 15. Qc7 Nd5 16. Qg3 Qe5 17. Ne4 Qxg3
18. fxg3 $1 $44 f5 19. Nd6+ Kd7 20. Rae1 g6 21. Nf7 Re8 22. Bb5 Ne3 23. Rxe3
dxe3 24. Rd1+ Kc7 25. Bd6+ Kb6 26. Rb1 a6 27. Be2+ Ka7 28. Bc5+ Kb8 29. Nd6 $2
(29. Bd6+ Ka7 30. Bc5+ Kb8 $11) 29... Rd8 $17 {Borrego,M-Reinaldo Castineira,R/
Mondariz op 1996/0-1 (53)}) 13. Re1 e5 $5 $146 {/\Be6,0-0-0} (13... f6 $143 14.
Qd2 Ne5 15. f4 Nxd3 16. cxd3 $1 $36 Nb5 17. Rac1 Qd8 18. Bb4 Kf7 19. a4 Nd6 20.
Nd4 Re8 21. Ba5 b6 22. Bb4 Ba6 23. Rc6 Nf5 24. Nxe6 Qb8 25. g4 Nh4 26. Qf2 Ng6
27. Bd6 Qb7 28. Rc7+ Qxc7 29. Nxc7 {1-0 Rivera,D-Santo Roman,M/IV It, Loures
POR 1997}) 14. Qd2 $142 (14. Bb2 $6 d4 15. Nxd4 $1 Nxd4 16. Qd2 $15) 14... d4
$140 15. f4 $1 $13 {[%csl Re5]} Be6 $142 {/\0-0-0} 16. fxe5 O-O-O 17. Bd6 Rxd6
$1 (17... Qb6 $143 18. a4 $5 $44 (18. Bc5 Qc7 19. Nxd4 (19. Bd6 Qb6 20. Bc5 $11
) 19... Rxd4 $1 (19... Nxd4 20. Qxc3 $36) 20. Qxc3 Rd5 21. Bd6 Qb6+ 22. Kh1 Qd4
$1 $11)) 18. exd6 Qxd6 $15 19. Qg5 $5 {[%csl Rg7] ><g7;/\Nc5} g6 20. Nc5 {
[%csl Re6][%cal Gc5e4]} (20. Qc5 $2 Qxc5 21. Nxc5 Bxa2 22. Ne4 Bd5 $17) 20...
Bd5 21. Ne4 Nxe4 22. Bxe4 Bxe4 $6 (22... Rd8 $5 23. Bxd5 Qxd5 24. Qxd5 Rxd5 25.
Re2 $15) 23. Rxe4 f5 $5 (23... Rd8 24. Qb5 $5 {[%cal Ga1b1]}) 24. Ree1 (24. Re2
$2 d3 $1 {[%csl Ra1,Rg1]} 25. Rf2 (25. Ree1 dxc2 26. Rac1 Nd4 $19) 25... dxc2
26. Rc1 Nd4 $19) 24... Qc5 {[%csl Rc2,Rg1]} (24... Rd8 $5) 25. Kh1 $5 (25. Rac1
$5 d3+ $140 $2 26. Qe3 Qxe3+ 27. Rxe3 dxc2 28. Rxc2 $11) 25... Rd8 (25... Qxc2
26. Qf6 Rd8 27. Rac1 {see 25...Rd8}) 26. Qf6 $1 {[%csl Rc8]} Qxc2 $6 (26... Qd6
27. Qh4 $5 $13 (27. Qxd6 Rxd6 {=/+/=})) 27. Rac1 {[%csl Rc8]} Qxa2 $4 (27...
Qa4 $5 28. Re7 d3 $8 (28... Qb5 $2 29. Rxh7 Qd5 (29... d3 30. Qf7 $16) 30. Qxg6
d3 31. Qg7 Qd7 32. Qxd7+ Rxd7 33. Rxd7 Kxd7 34. h4 $16) 29. Qe5 Rd7 30. Re8+ (
30. Rxd7 $5 Kxd7 31. Qd5+ Kc7 $13) 30... Rd8 31. Re7 $11) 28. Rxc6+ $1 bxc6 29.
Qxc6+ Kb8 30. Rc1 $1 $16 {/\Qc7+} (30. Qb5+ $6 Ka8 (30... Kc7 $4 31. Re7+ Kd6
32. Qe5+ Kc6 33. Rc7+ Kb6 34. Qc5+ Ka6 35. Rxa7#) 31. Qc6+ Kb8 32. Rc1 {
see 30.Rc1}) 30... Qa5 (30... Rg8 $142 31. Qb5+ (31. h3 $5 {[%cal Gc1c5,Gc5b5]}
Qb3 32. Rc5) 31... Ka8 32. Rb1 Qxb1+ 33. Qxb1 Rd8 34. Qd3 $16 {[%csl Yd2][%cal
Gh1g1,Gg1f2,Gf2e2,Ge2d2]}) 31. Rb1+ Qb6 32. Rxb6+ axb6 33. Qxb6+ Kc8 34. Qc5+
Kb7 (34... Kb8 35. Qe7 $1) 35. Qe7+ $1 $18 (35. Qb5+ $143 Kc7 36. Qd3 Rd6 37.
h4 $1 $16 {[%cal Gh1h2,Gh2g3,Gg3f4]}) 35... Kc8 36. Qxh7 d3 $8 (36... Rd6 $2
37. Qg8+ Kd7 38. Qf7+ Kd8 39. Qa2 d3 40. Qd2 $18) 37. Qxg6 d2 38. Qxf5+ Kc7 $1
{/\Kc5-b6,c5-c4-c3;><d2} (38... Kb8 39. Qb1+ Kc7 40. Qd1) 39. Qc2+ Kb6 40. Qd1
Kc5 41. Kg1 $6 (41. h4 $1 Kc4 42. h5 Kc3 43. Kh2 (43. h6 $5 Re8 44. Qf3+ Kd4
45. h7 $18) 43... Re8 44. Qa1+ Kd3 45. Qa3+ Kc2 46. Qc5+ {[%csl Rc2,Re8]} Kd1
$8 47. Kg3 $1 $18) 41... Kb4 42. Kf2 $5 (42. h4 $1 Kc3 43. g4 Re8 44. Kf2 Rf8+
45. Kg3 Re8 46. Qa1+ Kd3 (46... Kb3 47. Qd4 Kc2 48. Qc4+ Kb2 49. Qd5 $18 {
[%csl Rb2,Rd2,Re8]}) 47. Qa3+ Kc2 (47... Ke2 48. Qf3+ Ke1 49. h5 $18 d1=Q $140
50. Qf2#) 48. Qa4+ $18) 42... Kc3 43. Qa1+ Kc2 44. Qa4+ Kc1 45. Qc6+ Kd1 $8 (
45... Kb2 $4 {(45...Kb1??)} 46. Qb6+ Kc2 47. Qxd8 $18) 46. g3 $5 (46. Qc4 $1
Rf8+ 47. Ke3 Re8+ 48. Kd3 Rd8+ 49. Kc3 Ke1 (49... Rf8 50. Qd4 Rc8+ 51. Kd3 $18
{[%csl Rd1][%cal Gd4g1,Gd4a1]}) 50. Qh4+ $18) 46... Rf8+ 47. Ke3 Rb8 48. Qa4+ (
48. Qh1+ $1 Kc2 49. Qe4+ Kd1 $8 (49... Kc1 50. Qc4+ Kd1 51. Qe2+) 50. Qg4+ $1
Kc2 51. Qc4+ $16) 48... Ke1 49. Qa5 $4 (49. Qe4 $1 Rb3+ 50. Kf4+ $1 (50. Kd4+
Kd1 $8 (50... Kf1 $4 51. Qc2 $18) 51. Qe6 $4 (51. Kc4 $1 $18) 51... Kc2 52.
Qc4+ Kb2 53. Qe2 Kc1 54. Qc4+ Kb2 55. Qe2 $11) 50... Kf2 51. Qc2 Rb4+ 52. Kf5
Rd4 (52... Ke1 53. Qc3 Rb5+ 54. Kf4 $18) 53. Qd1 $18) 49... Re8+ 50. Kd3 Rd8+
$3 51. Ke4 (51. Qxd8 $4 d1=Q+ 52. Ke3 Qxd8 $19) 51... Re8+ 52. Kf5 Rf8+ 53. Kg4
Rf2 $1 $11 54. h4 Ke2 55. Qe5+ Kf1 56. Qd4 Ke2 {(57.Qe4+ Kf1 58.Qd3+ Ke1 59.
Qe3+ Kf1=)} 1/2-1/2

[Event "FIDE-Wch k.o."]
[Site "Moscow"]
[Date "2001.11.27"]
[Round "1.3"]
[White "Asrian, Karen"]
[Black "Khenkin, Igor"]
[Result "1/2-1/2"]
[WhiteElo "2604"]
[BlackElo "2572"]
[Annotator "Golod,V"]
[PlyCount "82"]
[EventDate "2001.11.27"]
[EventType "k.o."]
[EventRounds "7"]
[EventCountry "RUS"]
[SourceTitle "CBM 086"]
[Source "ChessBase"]
[SourceDate "2002.02.05"]
[SourceVersion "1"]
[SourceVersionDate "2002.02.05"]
[SourceQuality "1"]

1. e4 c5 2. Nf3 e6 3. d4 cxd4 4. Nxd4 Nf6 5. Nc3 Nc6 6. Ndb5 Bb4 7. a3 Bxc3+ 8.
Nxc3 d5 9. exd5 {It's main line.} (9. Bd3 $5 {See comments to Ponomariov,
R-Kortschnoj,V/Donetsk,2001/CBM 81(1/2-1/2) (Golod,V)(63)}) 9... exd5 10. Bd3
O-O 11. O-O d4 $1 {It's best move.} 12. Ne2 ({Nowadays-} 12. Ne4 {is not
actual.See comments to Leko,P-Timman,J/Wijk aan Zee,2001/CBM 81(1/2-1/2)(Golod,
V)(52)}) 12... Bg4 {Shipov makes the following comments in "Club Kasparov" to
game Kasparov,G-Grischuk,A/Cannes,2001/CBM 82 (1/2-1/2)  (Golod,V)(58) :
"Black provoke white on a move f2-f3,which will weaken a point e3.At a case,
the black bishop passes on g6".} (12... Re8 $5 {See comments to Bosch,
J-Janssen,R/Wijk aan Zee,1999/CBM 69(1/2-1/2) (Golod,V)(37) Other optons are:
12...Qd5;12...a6;12...h6;12...Ng4;12...Qd6; and 12...Qb6.}) 13. f3 {In my
opinion,it's most basic decision.} (13. Bg5 {(Golod,V) You can see comments to
game: Kasparov,G-Grischuk,A/Cannes,2001/CBM 82 (1/2-1/2)(Golod,V)(58)}) 13...
Bh5 {A well known position for this variation.} 14. Bg5 {[%mdl 4]} ({In my
opinion,much better is:} 14. b4 $1 {[%csl Yc6,Rd4][%cal Gc1b2,Gb4b5] You can
see comments to Galkin,A-Rabiega,R/Ohrid,2001/CBM 84(1-0)(Golod,V)(57)}) 14...
Bg6 $5 ({It deserves attention:} 14... Qd6 {See comments to games Rocha,W-Maia,
L/Sao Paulo,1999/EXT 2000 (1-0)(Hindemburg,Melao)(45) and Mokry,K-Stein,B/
Gausdal,1988/Inf 46/232 (1-0)(Mokry,K)(32)}) 15. Nf4 $5 {Besides this move,
white has five alternatives:} (15. Qd2 Rc8 16. Rad1 Re8 17. Rf2 a6 (17... Qb6
$6 18. Bxf6 gxf6 19. Ng3 Bxd3 20. Qxd3 Qxb2 21. Nh5 $40 {Petrushin,A-Jailjan,M/
Aktjubinsk,1985(1-0)(43)}) 18. h3 Bxd3 19. Qxd3 h6 20. Bc1 Qb6 21. Ng3 Re3 $1
22. Qf1 (22. Bxe3 $4 dxe3 23. Re2 $140 Rd8 $19 {[%csl Rd1]}) 22... Re6 $11 {
Matulovic,M-Filipowicz,A/Polanica Zdroj,1965(1-0)(39)}) (15. Bh4 Re8 $6 (15...
Qd6 $5) 16. Bxg6 (16. Bf2 $143 Bxd3 17. Qxd3 Nd5 (17... Ne5 $5 {/\d3=}) 18.
Rfe1 $14 {Wedberg,T-Ingbrandt,J/Sweden,1999(1-0)(55)}) 16... hxg6 17. Bf2 {
[%csl Rd4] Ornstein,A-Helmertz,P/Gothenburg,1975(1-0)(37)}) (15. Bxg6 hxg6 16.
Nf4 Qa5 (16... a5 $6 17. a4 (17. Re1 $5) 17... Qd6 18. Qd2 Nh7 19. Nd3 Nxg5 20.
Qxg5 Rac8 $11 {Acher,M-Manolov,I/Cannes,2000 (1/2-1/2)(49)}) 17. Bxf6 gxf6 18.
Qe1 Qf5 19. Qe4 $11 {Koeller,O-Schwarz,P/Germany,1989(1/2-1/2) (42)}) (15. Ng3
$5 Qd6 (15... h6 $142) 16. Qd2 (16. Bxf6 $2 Qxf6 17. f4 Bxd3 18. cxd3 Qe6 {
=/=/+ Velimirovic,D-Krivokapic,R/Banja Vrucica,1991(1/2-1/2) (45)}) 16... Bxd3
17. Qxd3 h6 $6 (17... Ne5) (17... Nd7 $5) 18. Nf5 Qd8 19. Bh4 $16 {Todorovic,
V-Timon Piote,S/Halle,1995(1/2-1/2)(71)}) ({and} 15. Re1 Qd6 (15... Re8 $5) 16.
Bxg6 hxg6 17. Qd3 Rad8 18. Rad1 Qc5 $11 {Schuster,B-Mashinskaya,I/Halle,2000
(0-1)(29)}) 15... Bxd3 $5 $146 ({Was checked in the previous game:} 15... Qd6
$6 16. Nxg6 hxg6 17. Qd2 Rfe8 18. Rfe1 Qc5 19. Bh4 Ne5 20. Bf2 $14 {[%csl Rd4]
Drescher,M-Schwarz,P/Germany,1989 (1/2-1/2)(60)}) 16. Nxd3 {+/=/=} Qd6 {
[%csl Re3][%cal Gf6d5]} ({Also it deserves attention:} 16... Re8 {<->e}) 17.
Bxf6 ({Leads to equality:} 17. Bf4 Qd7 18. Re1 Rfe8 19. Qd2 Nd5 {[%csl Re3]})
17... Qxf6 18. Qd2 Ne5 $5 {It is necessary to exchange the protective knight
of the white.} 19. Nxe5 {Otherwise,after:} (19. Rfe1 Nc4 20. Qb4 Ne3 21. Re2 b6
{[%csl Ge3] black has a strong counterplay.}) 19... Qxe5 20. Rae1 {[%mdl 4096]}
({Nothing changes:} 20. Rfe1 Qc5 {[%csl Rc2,Rg1][%cal Gd4d3]}) 20... Qc5 {
[%csl Rc2,Rg1][%cal Gd4d3]} 21. Qd3 Rfe8 {<->e} 22. Re4 ({Also nor gives of
advantage:} 22. Rxe8+ Rxe8 23. Rd1 h6 $11 24. Rd2 $140 {[%csl Yd2][%cal Yd2c2]}
Qe5 $132 {[%csl Rg1]}) 22... Rxe4 23. fxe4 Rc8 $11 {[%csl Rc2]} 24. Rf2 Qc4 $2
({From my point of view,it was much better:} 24... Qb6 $5 {[%csl Rb2]} 25. Qf3
Rf8 (25... Qe6 $5) 26. b3 {with equal odds in the endgame.}) 25. Qxc4 Rxc4 26.
Rd2 f6 {[%cal Gg8f7,Gf7e6,Ge6e5]} ({Dubiously:} 26... g6 {because of:} 27. Kf2
{[%csl Rd4][%cal Gf2e2,Ge2d3]}) 27. b3 ({It deserves steadfast attention:} 27.
Kf1 $5 Kf7 28. Ke2 Ke6 29. Kd3 Ra4 30. Rf2 {[%cal Gf2f5]} g6 {[%cal Ge6e5]} 31.
g4 b5 {[%cal Gb5b4]} (31... h6 $6 32. h4 {[%csl Rf5][%cal Gh4h5]}) 32. g5 $1
fxg5 33. Rf8 b4 34. axb4 Rxb4 35. b3 $14 {[%csl Ra7,Rd4]}) 27... Rc3 28. Rxd4 (
{White can try to protect pawn"c2":} 28. Kf1 Kf7 29. Rxd4 (29. Ke1 $2 Ke6 30.
Kd1 Ke5 $17 {[%csl Re4,Ye5][%cal Ge5d4]}) 29... Rxc2 $1 (29... Ke6 $6 30. Rd2
$14 {[%cal Rh7a7,Ra7h7]}) 30. Rd7+ Kg6 31. Rxb7 a5 {with transition in a
similar position, in comparison with a game.}) 28... Rxc2 29. Rd8+ Kf7 30. Rd7+
Kg6 31. Rxb7 a5 {[%csl Ra3][%cal Gc2a2]} 32. Rb5 $6 ({Can be recommended:} 32.
a4 Rb2 {[%csl Rb3]} 33. Rb5 {[%cal Gb5a5,Gb5h5]} h5 34. h4 {/\g3,Kf1-e1-d1-c1+/
=}) 32... a4 $1 {Leads to theoretically equal position.} 33. bxa4 $140 Rc3 34.
Kf2 {Precisely also it is necessary to play for black,and after:} (34. Ra5 Rxa3
35. Ra7 Ra1+ 36. Kf2 Ra2+ 37. Kf3 Ra3+ 38. Kf4 Ra2 $11 {[%csl Rg2]}) 34... Rxa3
35. Ra5 (35. a5 $144 Ra2+ 36. Kf3 Ra3+ 37. Kf4 Ra2 $11 {[%csl Rg2]}) 35... Ra2+
36. Kf3 Ra3+ 37. Kf4 Ra2 $11 {[%csl Rg2]} 38. Kf3 Ra3+ 39. Kg4 h5+ $1 {The
accuracy is necessary up to the end.} (39... Ra2 $143 40. Kh3 {[%csl Yh3]}) 40.
Kf4 (40. Rxh5 Rxa4 $11) (40. Kh4 $2 Re3 {[%csl Re4]}) 40... Ra2 41. Kf3 Ra3+
1/2-1/2

[Event "Kramatorsk"]
[Site "Kramatorsk"]
[Date "2003.07.31"]
[Round "4"]
[White "Areshchenko, Alexander"]
[Black "Kuzmin, Gennadi P"]
[Result "1-0"]
[WhiteElo "2542"]
[BlackElo "2516"]
[Annotator "Golod,V"]
[PlyCount "75"]
[EventDate "2003.07.29"]
[EventType "tourn"]
[EventRounds "14"]
[EventCountry "UKR"]
[EventCategory "10"]
[SourceTitle "CBM 097"]
[Source "ChessBase"]
[SourceDate "2003.11.11"]
[SourceVersion "1"]
[SourceVersionDate "2003.11.11"]
[SourceQuality "1"]

1. e4 c5 2. Nf3 Nc6 3. d4 cxd4 4. Nxd4 Nf6 5. Nc3 e6 6. Ndb5 Bb4 7. a3 Bxc3+ 8.
Nxc3 d5 9. exd5 {It's main line.} exd5 10. Bd3 O-O 11. O-O h6 $6 {From my
point of view,it was much better:} (11... d4 $5 {It's best move! See comments
to Sadvakasov,D-Al Modiahki,M/Doha,2003/CBM 94(1-0)(Golod,V)(49)}) 12. Bf4 {
Also were checked up in previous games: 12.h3 and 12.Re1} a6 {Besides Black
has five main alternatives: 12...Re8; 12...Qb6; 12...Bg4; 12...Be6} ({and} 
12... d4 $5 {Tal,M-Olafsson,F/Zuerich,1959(1-0)(Bulletin)(64)}) 13. Re1 {
Also once were checked in the preceding games:} (13. Qd2) (13. Qf3) ({and} 13.
Ne2) 13... d4 $146 ({The game,which have reached this position were continued
as follows:} 13... Be6 14. h3 (14. Na4 $5 {[%cal Ga4c5]}) 14... Qd7 15. Bh2 $6
Bf5 16. Qd2 Bxd3 17. Qxd3 Rfe8 $11 {Lutring,A-Bagdi,T/Paks,1996(1/2-1/2)(20)})
14. Ne4 $14 {[%csl Yd3,Gf4] Position of white more preferably at the expense
of the best pawn chain and advantage of the BB.} Bf5 $2 {[%mdl 8192] This move
is connected to the elementary tactical miscalculation.} (14... Nd5 $6 15. Bd6
(15. Qf3 $5) 15... Re8 16. Bg3 {[%csl Rd6][%cal Ge4d6]}) ({In this position I
would accept the following decision:} 14... Nxe4 15. Bxe4 Qf6 $14 {[%cal Yc8f5]
}) {[%tqu "En","?Black's last move was a blunder.How can White exploit it.","",
"","f4c7","",10]} 15. Bc7 $1 {[%csl Gc7,Gd3,Yd8,Ge4,Rf5,Rf6][%cal Yd8f6,Gc7d8,
Ge4f6]} Qxc7 (15... Qd7 $2 16. Nxf6+ gxf6 17. Bf4 $18 {[%csl Rh6][%cal Gd1h5]})
16. Nxf6+ gxf6 17. Bxf5 Qf4 ({Hardly is better:} 17... Rae8 18. Qg4+ Kh8 19.
Qh4 {[%csl Rf6,Rh6]} Kg7 $8 20. Re4 {[%cal Ge4g4]} Rxe4 (20... Ne5 $4 21. Qg3+
Kh8 22. Rh4 {[%csl Rc7,Rh8][%cal Gh4h6]}) 21. Bxe4 $16 {[%csl Rg7][%cal Gh4g4,
Gg4f5]}) 18. Be4 $16 {[%csl Rb7,Rc6] /^a8-h1 It was necessary to use a
weakness of the Black's queen side.} Rad8 19. g3 Qg5 20. h4 $5 {In my opinion,
this move a little better,than:} (20. f4 Qb5 (20... Qg7 $143 21. Qd3) 21. Qg4+
Kh8 22. Bd3 {[%csl Yb5,Rf5,Rh8][%cal Gg4f5,Yb5f5,Gf5h7,Gd3b5]} Qa5 23. b4 Qd5
24. Re2 {<->e} Rfe8 25. Rae1 $16) 20... Qg7 ({Can be recommended:} 20... Qb5
21. Qg4+ (21. Qf3 Kg7 {[%csl Yg7]}) 21... Kh8 22. Bd3 Qd5 23. Qf4 Kg7 24. Rad1
$16 {[%csl Rd4]}) 21. Qh5 Rd6 22. Qc5 Rfd8 {Black had no other worthy
alternative:} (22... Re6 $143 23. Bxc6 $1 Rxc6 24. Qxd4 Rxc2 25. Rac1 $1 Rxc1 (
25... Rfc8 $2 26. Rxc2 Rxc2 27. Qd8+ Kh7 $8 28. Re7 {[%csl Rc2,Rh7][%cal Gd8d3]
} Rc1+ 29. Kg2 {[%csl Rb7]} Qg8 30. Qd3+ Kg7 31. Rxb7 $18) 26. Rxc1 {with big
advantage in the endgame.}) 23. Re2 {<->e} Re6 24. Rae1 Rde8 ({Can it was
necessary to decide on the more active continuation:} 24... Qg4 $5) 25. Kf1 $5
{[%csl Yf1][%cal Yf1e2,Yf1e1]} ({Senselessly:} 25. Qh5 {[%csl Re8] /\Bxc6 in
view of:} R8e7) 25... Re5 26. Qc4 {[%csl Rc6][%cal Ge4c6] The game of White
corresponds to the requirements of a position.} ({Leads to favourable
complications for Black:} 26. Bxc6 $6 Rxc5 (26... bxc6 $2 27. Qxc6 $18) 27.
Rxe8+ Kh7 28. Bxb7 Qg6 29. Be4 (29. b4 $6 Rc3 30. Be4 $140 f5 31. Bd3 Rxa3 32.
R8e5 Kg7 $13) 29... f5 30. Bd3 $14) 26... Qg4 27. Bxc6 {[%csl Re8]} bxc6 (27...
Rxe2 $2 {is refuted by:} 28. Bxe8 Rxe1+ 29. Kxe1 Qe4+ 30. Qe2 $18 {[%csl Ye2]})
28. Rxe5 fxe5 (28... Qh3+ $142 {(it's important intermediate move)} 29. Kg1
fxe5 (29... Rxe5 $143 30. Rxe5 fxe5 31. Qxc6 Qf5 $16 {[%csl Rc2]}) 30. Qxa6 $16
) 29. Qxc6 Rc8 ({Now,after:} 29... Qh3+ {very strongly:} 30. Ke2 Rc8 $140 31.
Qe4 $16 {[%csl Ye2,Ye4][%cal Ye2d1,Yd1c1]}) 30. Qxh6 Qh3+ ({Unexpectedly at
once loses a game:} 30... Rxc2 {because of:} 31. Rxe5 Qd1+ (31... Qh3+ 32. Kg1
{[%csl Rg8][%cal Yh6c1,Ge5e8,Ge5g5]}) 32. Kg2 Rxf2+ $8 33. Kxf2 Qc2+ 34. Kg1
Qb1+ 35. Kg2 Qc2+ 36. Kh3 Qc8+ 37. g4 $18 {[%csl Yg4]}) 31. Kg1 {[%csl Re5]}
Qf5 ({Impossibly:} 31... Rxc2 {in view of:} 32. Rxe5 {[%csl Rg8][%cal Ge5e8,
Ge5g5]}) 32. c3 d3 (32... dxc3 $143 33. bxc3 Rxc3 34. Qxa6 Rc2 35. Qb6 $18) 33.
Qd6 {[%csl Re5]} Re8 $6 (33... e4 $142 {[%csl Yd3,Ye4] It is sole practical
chance on rescue:} 34. Qxa6 Rd8 35. Qh6 {+/-/+-}) 34. Qd5 $18 {White prevent a
progress "e4".} Re6 35. Kg2 Qg6 36. h5 $1 {[%csl Rd3,Yg6][%cal Gh5g6]} Qf5 (
36... Qxh5 37. Qxd3 Rh6 38. Qe4 {[%csl Ye4]} Qh2+ 39. Kf1 $18 Rf6 40. Qe3 Qh3+
41. Ke2) 37. f3 {[%csl Rd3,Yf5][%cal Gg3g4]} Qxh5 $2 {It's last mistake in a
hopeless position.} 38. Qd8+ $1 {[%cal Ge1h1]} ({After:} 38. Qd8+ {Black
resigns,because of next variant:} Kg7 $8 (38... Kh7 39. Rh1 {[%csl Rh5,Rh7]})
39. Rh1 {[%csl Rg7]} Qf5 (39... Qg6 40. Qh8#) 40. Qh8+ Kg6 41. Qh6#) 1-0